| 000 | 00414nam a2200109Ia 4500 | ||
|---|---|---|---|
| 008 | 160909s9999 xx 000 0 und d | ||
| 100 | _aVives, Melissa M. | ||
| 245 | 2 | _aA qualitative analysis of cybersecurity in the curriculum of emergency management/homeland security | |
| 260 |
_bCapella University. _c2016 |
||
| 650 | _aInformation Technology | ||
| 856 | _uhttp://pqdtopen.proquest.com/doc/1807959577.html?FMT=ABS | ||
| 999 |
_c303745 _d303745 |
||